El Movimiento huelguístico de Costa Rica: 1950-1960

Bewaard in:
Bibliografische gegevens
Hoofdauteur: Abarca Vázquez, Carlos Alberto
Formaat: Texto
Gepubliceerd in: San José :
Tags: Voeg label toe
Geen labels, Wees de eerste die dit record labelt!

MARC

LEADER 00000 a a2200000 04500
001 15743
003
040
090 |a 014100  
100 |a Abarca Vázquez, Carlos Alberto  
245 |a El Movimiento huelguístico de Costa Rica: 1950-1960  
260 |a San José :  
300 |a 23 p.  
999 |c 13724  |d 13724